MyGZULibrary

A history of art education : (Record no. 3645)

MARC details
000 -LEADER
fixed length control field 01077pam a2200301 a 4500
001 - CONTROL NUMBER
control field 1037600
003 - CONTROL NUMBER IDENTIFIER
control field GZU
005 - DATE AND TIME OF LATEST TRANSACTION
control field 20201203092340.0
008 - FIXED-LENGTH DATA ELEMENTS--GENERAL INFORMATION
fixed length control field 890712s1990 nyua b 001 0 eng
010 ## - LIBRARY OF CONGRESS CONTROL NUMBER
LC control number 89035255
020 ## - INTERNATIONAL STANDARD BOOK NUMBER
International Standard Book Number 0807729779 (pbk. : alk. paper)
020 ## - INTERNATIONAL STANDARD BOOK NUMBER
International Standard Book Number 0807729787 (hard : alk. paper)
040 ## - CATALOGING SOURCE
Original cataloging agency DLC
Transcribing agency DLC
Modifying agency DLC
043 ## - GEOGRAPHIC AREA CODE
Geographic area code n-us---
050 00 - LIBRARY OF CONGRESS CALL NUMBER
Classification number N105
Item number .E3FL 1990
082 00 - DEWEY DECIMAL CLASSIFICATION NUMBER
Classification number 707/.073
Edition number 20
100 1# - MAIN ENTRY--PERSONAL NAME
Personal name Efland, Arthur,
Dates associated with a name 1929-
245 12 - TITLE STATEMENT
Title A history of art education :
Remainder of title intellectual and social currents in teaching the visual arts /
Statement of responsibility, etc. Arthur D. Efland.
260 ## - PUBLICATION, DISTRIBUTION, ETC.
Place of publication, distribution, etc. New York :
Name of publisher, distributor, etc. Teachers College Press,
Date of publication, distribution, etc. c1990.
300 ## - PHYSICAL DESCRIPTION
Extent xi, 305 p. :
Other physical details ill. ;
Dimensions 23 cm.
504 ## - BIBLIOGRAPHY, ETC. NOTE
Bibliography, etc. note Includes bibliographical references (p. 273-290).
650 #0 - SUBJECT ADDED ENTRY--TOPICAL TERM
Topical term or geographic name entry element Art
General subdivision Study and teaching
Geographic subdivision United States
General subdivision History.
650 #0 - SUBJECT ADDED ENTRY--TOPICAL TERM
Topical term or geographic name entry element Art
General subdivision Study and teaching
-- History.
740 0# - ADDED ENTRY--UNCONTROLLED RELATED/ANALYTICAL TITLE
Uncontrolled related/analytical title Art education.
906 ## - LOCAL DATA ELEMENT F, LDF (RLIN)
a 7
b cbc
c orignew
d 1
e ocip
f 19
g y-gencatlg
942 ## - ADDED ENTRY ELEMENTS (KOHA)
Source of classification or shelving scheme Library of Congress Classification
Koha item type Books
Classification part 50
Item part EFL
Call number prefix N
Holdings
Withdrawn status Lost status Damaged status Not for loan Collection code Home library Current library Shelving location Date acquired Total Checkouts Full call number Barcode Date last seen Copy number Price effective from Koha item type
        Non-fiction City Campus Library City Campus Library General Stacks 12/03/2020   N 150 EFL 1990 025091 12/03/2020 c.1 12/03/2020 Books
        Non-fiction City Campus Library City Campus Library General Stacks 12/03/2020   N 105 EFL 1990 025088 12/03/2020 c.2 12/03/2020 Books
        Non-fiction City Campus Library City Campus Library General Stacks 12/03/2020   N 105 EFL 1990 025089 12/03/2020 c. 3 12/03/2020 Books
        Non-fiction City Campus Library City Campus Library General Stacks 12/03/2020   N 105 EFL 1990 025090 12/03/2020 c.4 12/03/2020 Books